000 00610nam a2200241Ia 4500
005 20250425161734.0
008 250425s9999 xx 000 0 und d
020 _a8448100247
041 _aspa
082 _a658.4012
100 _aHANDSCOMBE, RICHARD S.
245 0 _aLIDERAZGO ESTRATEGICO : LOS ESLABONES PERDIDOS
250 _a1A ED.
260 _aEspaƱa
_bMCGRAW HILL
_c1993
260 _aMADRID
300 _a191
650 _aGESTION ESTRATEGICA
650 _aLIDERAZGO
650 _aPLANIFICACION ESTRATEGICA
700 _aMIGUEL ANGSTADT
_etraductor
942 _c01
010 _a27000
999 _c215104
_d215104